[Event "IND-ch (Women) 48th"]
[Site "Hatkanangale"]
[Date "2023.01.01"]
[Round "7"]
[White "Jagadale, Ishwari"]
[Black "Femil, Chelladurai"]
[Result "0-1"]
[WhiteElo "1454"]
[BlackElo "1824"]
[PlyCount "80"]
[EventDate "2022.12.26"]
[EventType "swiss"]
[EventRounds "11"]
[EventCountry "IND"]
[SourceTitle "CBM 212 Extra"]
[Source "ChessBase"]
[SourceDate "2023.03.31"]
[SourceVersion "1"]
[SourceVersionDate "2023.03.31"]
[SourceQuality "1"]

1. d4 d5 2. c4 e6 3. Nc3 Nf6 4. Nf3 Be7 5. Bf4 c6 6. e3 0-0 7. Be2 dxc4 8. Bxc4 Nbd7 9. Qc2 Nb6 10. Bb3 Nbd5 11. Bg3 Qa5 12. 0-0 b5 13. Bh4 Bb7 14. Ne5 Nxc3 15. bxc3 c5 16. Qe2 c4 17. Bc2 Rad8 18. Ng4 Nd5 19. Bxe7 Nxe7 20. Rfc1 Kh8 21. Ne5 Ng6 22. Qh5 Kg8 23. Nxc4 Qc7 24. Qxb5 Rd5 25. Qb3 Rg5 26. e4 Rb8 27. Rcb1 Nh4 28. g3 Nf3+ 29. Kg2 Nxd4 30. cxd4 Bxe4+ 31. Bxe4 Rxb3 32. Rxb3 f5 33. Bd3 Qd8 34. Ne5 h5 35. Nf3 Rg4 36. Rab1 Qd5 37. Rb4 h4 38. Re1 h3+ 39. Kxh3 Qxf3 40. Be2 Qxf2 0-1

[Event "IND-ch U15 Girls 38th"]
[Site "New Delhi"]
[Date "2022.12.03"]
[Round "9"]
[White "Jagadale, Ishwari"]
[Black "Radhika, Sharma"]
[Result "1-0"]
[WhiteElo "1391"]
[BlackElo "1178"]
[PlyCount "95"]
[EventDate "2022.11.28"]
[EventType "swiss"]
[EventRounds "11"]
[EventCountry "IND"]
[SourceTitle "CBM 211 Extra"]
[Source "ChessBase"]
[SourceDate "2023.01.31"]
[SourceVersion "1"]
[SourceVersionDate "2023.01.31"]
[SourceQuality "1"]

1. d4 Nf6 2. c4 g6 3. Nc3 Bg7 4. Nf3 0-0 5. g3 d6 6. Bg2 Nbd7 7. Bf4 Nh5 8. Bg5 c5 9. 0-0 Re8 10. Nb5 a6 11. Nxd6 Rf8 12. Nxc8 Rxc8 13. d5 b5 14. cxb5 axb5 15. Qb3 b4 16. Rac1 Nhf6 17. Rfd1 Ne4 18. Be3 Nd6 19. Nd2 Nf5 20. Nc4 Nxe3 21. Qxe3 Nb6 22. Ne5 Bxe5 23. Qxe5 Nd7 24. Qe3 c4 25. Bh3 Re8 26. Rd4 b3 27. axb3 cxb3 28. Rxc8 Qxc8 29. Qxb3 Qc1+ 30. Rd1 Nc5 31. Rxc1 Nxb3 32. Rc7 Kf8 33. Rb7 Nc5 34. Rb5 Ne4 35. Bd7 Rd8 36. Bc6 Nd6 37. Rb4 Rc8 38. e4 Rc7 39. e5 Nf5 40. Rb8+ Kg7 41. b4 Nd4 42. b5 Nf3+ 43. Kg2 Nxe5 44. b6 Rxc6 45. dxc6 Nxc6 46. Rc8 Nb4 47. b7 Na6 48. Ra8 1-0

[Event "IND-ch U15 Girls 38th"]
[Site "New Delhi"]
[Date "2022.12.01"]
[Round "6"]
[White "Kanishka, S."]
[Black "Jagadale, Ishwari"]
[Result "1-0"]
[WhiteElo "1764"]
[BlackElo "1391"]
[PlyCount "69"]
[EventDate "2022.11.28"]
[EventType "swiss"]
[EventRounds "11"]
[EventCountry "IND"]
[SourceTitle "CBM 211 Extra"]
[Source "ChessBase"]
[SourceDate "2023.01.31"]
[SourceVersion "1"]
[SourceVersionDate "2023.01.31"]
[SourceQuality "1"]

1. c4 e5 2. Nc3 Nf6 3. g3 c6 4. d4 exd4 5. Qxd4 d6 6. Bg2 Bf5 7. e4 Be6 8. b3 Be7 9. Bb2 Nbd7 10. h3 Nc5 11. Nge2 a5 12. Rb1 Nfd7 13. f4 Nb6 14. Nd1 f6 15. Ne3 Qc7 16. 0-0 0-0-0 17. Bc3 Nbd7 18. Qd2 b6 19. Nd4 Bf7 20. a3 Rhg8 21. b4 axb4 22. axb4 Na4 23. Ba1 g5 24. Qc2 b5 25. cxb5 cxb5 26. Qxc7+ Kxc7 27. Nef5 Bf8 28. Nxb5+ Kb6 29. Nbxd6 Be6 30. Rfc1 Ka7 31. e5 Bxf5 32. Rc7+ Ka6 33. Bd4 Bxd6 34. Bf1+ Bd3 35. Bxd3# 1-0

[Event "IND-ch U15 Girls 38th"]
[Site "New Delhi"]
[Date "2022.11.29"]
[Round "3"]
[White "Dakshita, Kumawat"]
[Black "Jagadale, Ishwari"]
[Result "1/2-1/2"]
[WhiteElo "1628"]
[BlackElo "1391"]
[PlyCount "72"]
[EventDate "2022.11.28"]
[EventType "swiss"]
[EventRounds "11"]
[EventCountry "IND"]
[SourceTitle "CBM 211 Extra"]
[Source "ChessBase"]
[SourceDate "2023.01.31"]
[SourceVersion "1"]
[SourceVersionDate "2023.01.31"]
[SourceQuality "1"]

1. d4 d5 2. Bf4 Nf6 3. e3 g6 4. Nc3 c6 5. h4 Bg7 6. Nf3 Bg4 7. Qd2 Nbd7 8. Ne5 Be6 9. f3 Nh5 10. Bh2 Bxe5 11. dxe5 Qc7 12. f4 Nc5 13. Be2 Ng7 14. 0-0-0 h5 15. Bf3 0-0-0 16. Qf2 Qb6 17. Bg1 Bf5 18. Qe2 Ne4 19. Bxe4 dxe4 20. Rxd8+ Rxd8 21. Qc4 Ne6 22. b4 a5 23. a3 axb4 24. axb4 Qa6 25. Qxa6 bxa6 26. Na4 Kc7 27. Bf2 Rd5 28. Rd1 Bg4 29. Rg1 Rb5 30. Be1 Bf5 31. c4 Rb8 32. Bc3 c5 33. bxc5 Kc6 34. Nb6 Nxc5 35. Nd5 Nd3+ 36. Kc2 e6 1/2-1/2

[Event "Eastern Asia-ch U12 Girls"]
[Site "Tornelo INT"]
[Date "2021.10.23"]
[Round "4"]
[White "Theephigaa, KP."]
[Black "Jagadale, Ishwari"]
[Result "0-1"]
[WhiteElo "1020"]
[BlackElo "1191"]
[PlyCount "190"]
[EventDate "2021.10.22"]
[EventType "swiss"]
[EventRounds "9"]
[EventCountry "NET"]
[SourceTitle "EXT 2023"]
[Source "ChessBase"]
[SourceDate "2022.10.05"]
[SourceVersion "1"]
[SourceVersionDate "2022.10.05"]
[SourceQuality "1"]

1. e4 c5 2. d4 cxd4 3. Nf3 d6 4. Nxd4 Nf6 5. Nc3 a6 6. Bg5 Nc6 7. Qd2 h6 8. Bh4 Bd7 9. 0-0-0 g5 10. Bg3 h5 11. h3 h4 12. Bh2 e5 13. Nb3 g4 14. hxg4 Nxg4 15. Bc4 Qf6 16. Nd5 Qd8 17. Kb1 b5 18. Bd3 Ne7 19. Qe2 Nxd5 20. exd5 f6 21. Bg6+ Ke7 22. Bd3 a5 23. f3 Nxh2 24. Rxh2 b4 25. f4 a4 26. Nc1 a3 27. fxe5 fxe5 28. Rf1 Qb6 29. Qf3 Be8 30. Qf6+ Kd7 31. Qxh8 Qd4 32. Bb5+ Kc7 33. c3 bxc3 34. Qxf8 c2+ 35. Kxc2 Bg6+ 36. Bd3 Qxb2+ 37. Kd1 Bh5+ 38. Be2 Qd4+ 39. Ke1 Rxf8 40. Rxf8 Qg1+ 41. Rf1 Qxh2 42. Bxh5 Qxg2 43. Bf3 Qg3+ 44. Kd1 h3 45. Ne2 Qh4 46. Rh1 h2 47. Kd2 Qg5+ 48. Kd3 Qf5+ 49. Ke3 Qh7 50. Rc1+ Kb6 51. Bh1 Kb5 52. Nc3+ Ka5 53. Ne2 Qh6+ 54. Kf3 Qg5 55. Rc3 Qf5+ 56. Ke3 Ka4 57. Rc4+ Kb5 58. Rc1 Qh3+ 59. Kd2 Qg4 60. Rb1+ Ka5 61. Rc1 e4 62. Ke3 Qg5+ 63. Kxe4 Qe5+ 64. Kd3 Qb2 65. Rc2 Qb1 66. Nc1 Kb5 67. Kd2 Qb4+ 68. Kd1 Qd4+ 69. Ke1 Qg1+ 70. Ke2 Qxh1 71. Nd3 Qg2+ 72. Kd1 h1Q+ 73. Ne1 Qxd5+ 74. Rd2 Qxa2 75. Rxa2 Kb4 76. Rd2 d5 77. Rd4+ Kc3 78. Rd3+ Kb2 79. Rd2+ Kb1 80. Ke2 Qh2+ 81. Kd3 Qg3+ 82. Ke2 a2 83. Rd1+ Kb2 84. Rd2+ Kb3 85. Rd1 Qg4+ 86. Nf3 Qe4+ 87. Kf2 Qc2+ 88. Rd2 Qxd2+ 89. Nxd2+ Kc2 90. Nf3 a1Q 91. Ne1+ Kc3 92. Ke2 Qb2+ 93. Kf1 d4 94. Nf3 d3 95. Ke1 Qe2# 0-1